| 000 | 00902nam a22002417a 4500 | ||
|---|---|---|---|
| 005 | 20260608155840.0 | ||
| 010 | _aENG-119416 ENG-148790 | ||
| 020 |
_a9781107607804 _c5717.00 |
||
| 035 | _aEN-102948 | ||
| 035 | _aEN-132322 | ||
| 037 | _bDBAD/PUB | ||
| 082 | _a363.7 | ||
| 245 |
_aManaging the risks of extreme events and disasters to advance climate change adaptation : _cedited by Christpher B.Field ...[et...al] _bSpecial report of the intergovernmental panel on climate change / |
||
| 260 |
_aNew York _bCambridge University Press _c2015 |
||
| 270 | _a32 Avenue of the Americas,New york , USA NY10013-2473 | ||
| 300 |
_axv,141p. _bill (col.) _c28cm(pbk) |
||
| 500 | _aIncludes index | ||
| 700 |
_aField Christpher B _989321 |
||
| 700 |
_aVicente Barros _989322 |
||
| 700 |
_aThomas F. Stocker _989323 |
||
| 700 |
_aDahe Qin _989324 |
||
| 942 |
_2ddc _cEN _h363.7 _mMAN |
||
| 999 |
_c142893 _d142893 |
||